Macromedia Flash MX 2004 (Record no. 166162)

MARC details
000 -LEADER
fixed length control field 00470nam a22001697a 4500
008 - FIXED-LENGTH DATA ELEMENTS--GENERAL INFORMATION
fixed length control field 190715b ||||| |||| 00| 0 eng d
020 ## - INTERNATIONAL STANDARD BOOK NUMBER
International Standard Book Number 8176357286
Terms of availability 195.00
040 ## - CATALOGING SOURCE
Original cataloging agency DPL
Language of cataloging EN
050 ## - LIBRARY OF CONGRESS CALL NUMBER
DPL Classification number 005.13 DEH
082 ## - DEWEY DECIMAL CLASSIFICATION NUMBER
Classification number 005.13 DEH
100 ## - MAIN ENTRY--PERSONAL NAME
Personal name Dehaan, Jen
245 ## - TITLE STATEMENT
Title Macromedia Flash MX 2004
Statement of responsibility, etc Jen Dehaan
Medium EN
260 ## - PUBLICATION, DISTRIBUTION, ETC. (IMPRINT)
Place of publication, distribution, etc New Delhi
Name of publisher, distributor, etc Techmedia
270 ## - ADDRESS
Address Kushak-2 (Kadipur)
300 ## - PHYSICAL DESCRIPTION
Extent x, 459p.
Dimensions 24cm.
942 ## - ADDED ENTRY ELEMENTS (KOHA)
Source of classification or shelving scheme Dewey Decimal Classification
Item type English Books
Classification part 005.13
Call number suffix DEH
Holdings
Withdrawn status Lost status Source of classification or shelving scheme Damaged status Not for loan Collection code Home library Current library Date acquired Source of acquisition Cost, normal purchase price Total Checkouts Full call number Barcode Date last seen Copy number Cost, replacement price Koha item type
    Dewey Decimal Classification     Non-fiction Kadipur Kadipur 15/07/2019 BPPD/PUB 195.00   005.13 DEH B-121102 15/07/2019 2 195.00 English Books

© Delhi Public Library
Hit Counter
free hit counter